Building Afghanistan's Security Forces in Wartime (Record no. 351812)
[ view plain ]
| 000 -LEADER | |
|---|---|
| fixed length control field | 00622nam a2200133Ia 4500 |
| 008 - FIXED-LENGTH DATA ELEMENTS--GENERAL INFORMATION | |
| fixed length control field | 171212s9999 xx 000 0 und d |
| 020 ## - INTERNATIONAL STANDARD BOOK NUMBER | |
| International Standard Book Number | 9780833051684 |
| 100 ## - MAIN ENTRY--PERSONAL NAME | |
| Personal name | Oliker, Olga |
| 245 ## - TITLE STATEMENT | |
| Statement of responsibility, etc | Oliker, Olga |
| Title | Building Afghanistan's Security Forces in Wartime |
| Remainder of title | The Soviet Experience |
| 260 ## - PUBLICATION, DISTRIBUTION, ETC. (IMPRINT) | |
| Name of publisher, distributor, etc | RAND Corporation |
| Date of publication, distribution, etc | 2011 |
| 650 ## - SUBJECT ADDED ENTRY--TOPICAL TERM | |
| Topical term or geographic name as entry element | Afghanistan -- History -- Soviet occupation, 1979-1989; Military assistance, Soviet -- Afghanistan; Internal security -- Afghanistan; Afghanistan -- History, Military -- 20th century; Soviet Union -- History, Military |
| 650 ## - SUBJECT ADDED ENTRY--TOPICAL TERM | |
| Topical term or geographic name as entry element | History |
| 856 ## - ELECTRONIC LOCATION AND ACCESS | |
| Uniform Resource Identifier | <a href="www.jstor.org/stable/10.7249/mg1078a">www.jstor.org/stable/10.7249/mg1078a</a> |
| Withdrawn status | Lost status | Damaged status | Home library | Current library | Date acquired | Total Checkouts | Full call number | Date last seen | Price effective from | Koha item type |
|---|---|---|---|---|---|---|---|---|---|---|
| College Library | College Library | 12/12/2017 | DS371.2.B84 2011 | 12/12/2017 | 12/12/2017 | Curriculum - Based eBooks |